UM Logo

Insrinsic lipschitz graphs and vertical b-numbers in the heisemberg / (Record no. 20851)

MARC details
000 -LEADER
fixed length control field 00670nam a22001577a 4500
008 - FIXED-LENGTH DATA ELEMENTS--GENERAL INFORMATION
fixed length control field 240822b ||||| |||| 00| 0 eng d
082 ## - DEWEY DECIMAL CLASSIFICATION NUMBER
Classification number DPer 510.5 Am351 June-August vol.141 no. 3-4
100 ## - MAIN ENTRY--PERSONAL NAME
Personal name Chousionis, Vasileios.
Relator term author.
9 (RLIN) 58894
245 ## - TITLE STATEMENT
Title Insrinsic lipschitz graphs and vertical b-numbers in the heisemberg /
Statement of responsibility, etc. Vasileios Chousionis, Katrin Fassler, and Tuomas Orponen.
260 ## - PUBLICATION, DISTRIBUTION, ETC. (IMPRINT)
Place of publication, distribution, etc. Baltimore, Maryland U.S.;
Name of publisher, distributor, etc. Johns Hopkins University Press,
Date of publication, distribution, etc. June 2019.
300 ## - PHYSICAL DESCRIPTION
Extent volume 1087-1147.
700 ## - ADDED ENTRY--PERSONAL NAME
Personal name Chousionis, Vasileios.
Relator term author.
9 (RLIN) 58894
700 ## - ADDED ENTRY--PERSONAL NAME
Personal name Fassler, Katrin.
Relator term author.
9 (RLIN) 58895
700 ## - ADDED ENTRY--PERSONAL NAME
Personal name Orponen, Tuomas.
Relator term author.
9 (RLIN) 58896
942 ## - ADDED ENTRY ELEMENTS (KOHA)
Source of classification or shelving scheme Dewey Decimal Classification
Koha item type Periodicals
Holdings
Withdrawn status Lost status Source of classification or shelving scheme Damaged status Not for loan Collection code Home library Current library Date acquired Total Checkouts Full call number Date last seen Price effective from Koha item type Public note
    Dewey Decimal Classification     Periodicals UM Digos College - LIC UM Digos College - LIC 08/22/2024   DPer 510.5 Am351 June-August vol.141 no. 3-4 08/22/2024 08/22/2024 Periodicals Periodical Article